| 000 | 01260nam a22003137a 4500 | ||
|---|---|---|---|
| 001 | 768714001 | ||
| 003 | CO-MdFUSB | ||
| 005 | 20241030130549.0 | ||
| 007 | ta | ||
| 008 | 170726t1995 a ||||| |||| 00| 0 s d | ||
| 020 | _a9781558834001 | ||
| 040 |
_aCO-MdFUSB _bspa _cCO-MdFUSB _dCO-MdFUSBC _erda |
||
| 041 | 0 |
_aspa _heng |
|
| 082 | 0 | 4 |
_a221.8 _222 _bL3459 |
| 100 | 1 |
_aLasor, William Sanford _eautor |
|
| 240 | _aOld Testament survery: the messge, formm, and background of the Old Testament | ||
| 245 | 1 | 0 |
_aPanorama del Antiguo Testamento _b : mensaje, forma y trasfondo del Antiguo Testamento _c / William Sanford Lasor , David Allan Hubbard , Frederic William Bush |
| 264 | 1 |
_aBuenos Aires, Argentina : _b Nueva Creación, _c[1995, 2004] |
|
| 300 |
_a675 Páginas : _c23 cm. |
||
| 336 |
_2rdacontent _atexto _btxt |
||
| 337 |
_2rdamedia _asin mediación _bn |
||
| 338 |
_2rdacarrier _avolumen _bnc |
||
| 504 | _aBibliografía general. Páginas 661 | ||
| 505 | _aLa autoridad del Antiguo Testamento - Revelación e inspiración - El canon - Formación del Antiguo Testamento - Geografía - El Pentateuco | ||
| 563 | _a4 pasta dura, 1 rústico | ||
| 630 | 0 | 7 |
_aBiblia. _pAntiguo Testamento _vIntroducciones |
| 942 | _cBK | ||
| 945 | _aJTF-925 | ||
| 999 |
_c35804 _d35804 |
||